000 00736nam a2200265Ia 4500
001 Para_3756
003 CHAP
008 220125s1932 xx 000 0 und d
010 _a202191
040 _cCHAP
090 _aPA FOLLETO 976
100 _aWeimer, J. L
_9121365
245 _aAlfalfa diseases in California /
_c J. L. Weimer
260 _aBerkeley, Cal. :
_b Agricultural Experiment Station
300 _a19 p.
440 _aCalifornia. Agric. Exp. Sta. circular; 326
_9167258
650 _aAlfalfa
_x Enfermedades
_93863
901 _aPA FOLLETO 976
902 _aA
905 _a0000001932 BER 0000000000 00
910 _a1932
942 _cPARA
942 _cPARA
_d1
999 _c202191
_d202191